Geography Generator Puzzle #15 - Statistics

General Stats
  • This quiz has been taken 309 times
    303 since last reset
  • The average score is 8 of 21
Answer Stats
Hint Answer % Correct
language with 900 million speakers Mandarin
65%
aquatic effect created by the sun and moon tide
65%
______ del Fuego Tierra
63%
Abu Dhabi and Dubai, for example Emirate
62%
parched; lacking rainfall arid
61%
African country Eritrea
58%
Saudi holy city Medina
56%
Asian country Iran
54%
currency of 8 countries, including Iraq dinar
47%
MEDITERRANEAN
38%
Portuguese region that produces sweet wine Madeira
35%
church => spire as mosque => _____ minaret
35%
Yemeni port Aden
31%
another Asian country Armenia
31%
borders Quebec and New Brunswick Maine
28%
capital of Shqipëria, a European country Tirana
27%
Cook's and Magellan's occupation mariner
21%
raw sugar type, also a Guyanese river and region Demerara
10%
Sumatran city, pop 3.4 mil Medan
9%
African fruit (a near-anagram of ^^^) tamarind
9%
Australian Desert T{anami}
3%
No matching quizzes found
Score Distribution
Percent of People with Each Score
Percentile by Number Answered
Your Score History
You have not taken this quiz since the last reset